000 01776nam a2200397 c 4500
003 BLK
005 20250522095019.0
008 180410b bul|||||r ||||||| ||bul||
010 _aKNG00159164000
020 _a978-954-92509-4-7
_bиздат.: Локус Фортуна
040 _aBLK
041 _aBUL
_cBUL
072 7 _2bullib
_aН31
_xСоциология Н
072 7 _2bullib
_aЯ
_xАвтографи
080 _aСоциално поведение. Социална психология
_b316.6
_x
_z316.6
080 _aИндивидуална психология. Психология на личността. Индивидуалност. Психология на характера. Характерология. Психологическа типология
_b159.923
_x
_z159.923
100 1 _aСтойчев, Кирил Стойчев
_eпърви автор
_9274780
139 _aСтойчев, Кирил Стойчев
_bС 82
245 1 0 _aЖивотът е игра, играта е живот
_cКирил Стойчев Стойчев.
257 _aBGR
260 София
_bЛокус Фортуна
_c2012
_fКостинброд : Мултипринт
300 _a148 с.
_c20 см
380 _a3
500 _aСъдържа и за авт. - Библиогр. с. 144.
650 4 _aПоведение (етич.)
_9246207
653 _aсоциална психология
653 _aпсихология на личността
659 _aН
659 _aЯ
852 _aЦб 267417
856 4 _qpdf
_u
856 4 _qpdf
_u
942 _cKNG
_n0
_09
944 _aCR
_c04.04.2014
_lЦветелина Шанова
_k30531
944 _aED
_c19.04.2017
_lф /
_kЛюдмила_Стоянова
999 _c152655
_d152655